| 000 | 01354nam2a22002771 4500 | ||
|---|---|---|---|
| 001 | rc\4558983 | ||
| 005 | 20260407064931.0 | ||
| 021 |
_aRU _b[65-67536] |
||
| 035 | _a(NLR Aleph) 008368246 | ||
| 090 |
_a9041501 _c9041501 |
||
| 100 | _a20130416d1965 |||y0rusy50 ca | ||
| 101 | 0 | _arus | |
| 102 | _aRU | ||
| 105 | _aa z |||e| | ||
| 200 | 1 |
_aПроза. Письма _f[Примеч. И.Л. Андроникова] |
|
| 210 |
_d1965 _aБ. м. |
||
| 215 | _a518 с., 10 л. ил. | ||
| 461 | 0 |
_1001rc\4558979 _12001#$aСобрание сочинений$eВ 4 т.$fПод ред. И.Л. Андроникова и Ю.Г. Оксмана$g[Вступ. статья и примеч. И.Л. Андроникова]. Т. 1-$vТ. 4 _1700#1$aЛермонтов$bМ. Ю.$f1814-1841$gМихаил Юрьевич$3RU\NLR\auth\77328 _99041479 _aЛермонтов, М. Ю. (поэт ; 1814-1841) _cМосква _d1964 _fПод ред. И.Л. Андроникова и Ю.Г. Оксмана _nХудож. лит. _oВ 4 т. _tСобрание сочинений _vТ. 4 |
|
| 517 | 0 | _aПисьма | |
| 702 | 1 |
_4212 _7ca _8rus _aАндроников _bИ. Л. _f1908-1990 _gИраклий Луарсабович _9125202 _3RU\NLR\AUTH\7715553 |
|
| 801 | 0 |
_aRU _bNLR _gpsbo |
|
| 801 | 1 |
_aRU _bELAR _2rusmarc |
|
| 852 |
_aNLR _j64-3/5973 |
||
| 942 | _cBOOK | ||
| 980 | _aNB | ||